000 00527nam a2200181Ia 4500
005 20250326130841.0
008 250326s9999 xx 000 0 und d
037 _aTextbook
040 _aFMSL
_beng
_cFMSL
041 _aeng
_2eng
084 _aX:74.4 P8
_qFMSL
100 _aHipsher S A
_9741564
245 0 _aExpatriates in Asia: breaking free from the colonical paradigm
_cHipsher S A
260 _aEngland
_bEngland, Chandos
_c2008
300 _a207p
942 _cTB
_hX:74.4 P8
999 _c1284378
_d1284378